| 000 | 01950nam a2200433Ii 4500 | ||
|---|---|---|---|
| 001 | 9781787560765 | ||
| 003 | UtOrBLW | ||
| 005 | 20210303084931.0 | ||
| 006 | m o d | ||
| 007 | cr un||||||||| | ||
| 008 | 180716s2018 enk o 001 0 eng d | ||
| 020 | _a9781787560765 (e-book) | ||
| 040 |
_aUtOrBLW _beng _erda _cUtOrBLW |
||
| 050 | 4 |
_aP94.5.C45 _bA25 2018 |
|
| 072 | 7 |
_aJFD _2bicssc |
|
| 072 | 7 |
_aSOC052000 _2bisacsh |
|
| 080 | _a316.35 | ||
| 082 | 0 | 4 |
_a302.23083 _223 |
| 100 | 1 |
_aAbidin, Crystal, _eauthor. |
|
| 245 | 1 | 0 |
_aInternet celebrity : _bunderstanding fame online / _cCrystal Abidin. |
| 264 | 1 | _bEmerald Publishing Limited, | |
| 300 | _a1 online resource (xxii, 169 pages). | ||
| 490 | 1 | _aSociety now | |
| 500 | _aIncludes index. | ||
| 520 | _aThe face of internet celebrity is rapidly diversifying and evolving. Online and mainstream celebrity culture are now weaving together, such that breakout stars from one-hit viral videos are able to turn their transient fame into a full-time career.This book presents a framework for thinking about the different forms of internet celebrity that have emerged over the last decade, taking examples from the Global North and South, to consolidate key ideas about cultures of online fame. It discusses the overall landscape, developments and trends in the internet celebrity economy, and cross-cultural lessons. | ||
| 588 | 0 | _aPrint version record | |
| 650 | 0 | _aCelebrities in mass media. | |
| 650 | 0 | _aInternet personalities. | |
| 650 | 0 |
_aFame _xSocial aspects. |
|
| 650 | 7 |
_aSocial Science _xMedia Studies. _2bisacsh |
|
| 650 | 7 |
_aMedia studies. _2bicssc |
|
| 776 | _z9781787560796 | ||
| 830 | 0 | _aSociety now. | |
| 856 | 4 | 0 | _uhttps://www.emerald.com/insight/publication/doi/10.1108/9781787560765 |
| 999 |
_c30116 _d30116 |
||